MDQL
is popping MORE tags! Check the
thread
!
Quizzes
Events
Quiz Creation
Community
Videos
Private Events
Remove Ads
Sign In
Join for FREE
Feedback
Dark Mode
Quiz Categories
Sports
Geography
Music
Movies
Television
Just For Fun
Miscellaneous
History
Literature
Language
Science
Gaming
Entertainment
Religion
Holiday
For Kids
Quiz Lab
Recent
Popular Today
Quiz Kudos Today
Editor Picks
Curator Picks
Quizzes by...
Day
Popularity
Type
Ratings
Length
Year
Community
Subscriptions
Recent Discussions
Orange Saloon
Badges
Playlists
Quests
Create
Leaderboards
Showdown
Live 5
Trivia Bingo
Activity
Puzzle Library
Sporcle Events
Private Events
Virtual Trivia
Globe League
Become a Host
Pub Owners
SporcleCon
Opinionation
Our Games
Videos
Blog
Mobile Apps
Partnerships
Remove Ads and Go Orange
Feedback
Just For Fun
Clickable
Get the Picture
Humor
Quick Pick
Word Ladder
Missing Word
Mixed Word
Blitz
Minefield
This or That
Alphabet
Color
Typing
Sporcle
Puzzle
Word Play
Follow That Line
Logic
Just For Fun
Clickable
Get the Picture
Humor
Quick Pick
Word Ladder
Missing Word
Mixed Word
Blitz
Minefield
This or That
Alphabet
Color
Typing
Sporcle
Puzzle
Word Play
Follow That Line
Logic
Random Quiz
Search Sporcle
×
Quiz Lab
Quiz Lab
Just For Fun
Boy
Type in answers that appear in a list
Type in answers that appear in a list
Classic
Best Score? Go Orange.
Sexiest names of 2012 Stats
Can you name the sexiest names of 2012?
By
mollymoo14
10m
51 Questions
30 Plays
30 Plays
30 Plays
Comments
Comments
Give Quiz Kudos
Give Quiz Kudos
-
- Ratings
hide this ad
More Info
Random Order
Randomize order of answers
Randomize order of answers
Replay
Link that replays current quiz
Next Quiz
Link to next quiz in quiz playlist
You Got
0%
They Got
Avg Score
25%
Avg Friend Score
Upgrade to see
Score Distribution
Jump to the score distribution portion of the page
Score
0/51
Timer
10:00
0
Plays Today
girl
boy
% Correct
haley
jack
66.7%
erin
daniel
56.7%
blakley
john
53.3%
grace
james
50%
abby
steve
46.7%
tara
adam
43.3%
jessica
george
40%
maya
harry
40%
samantha
andrew
40%
christina
christopher
40%
wendy
paul
40%
madeline
jason
40%
nicole
joshua
33.3%
sara
jake
33.3%
regina
mark
33.3%
adriana
joe
33.3%
victoria
nick
30%
emily
richard
30%
alicia
robert
30%
brianna
ben
26.7%
sasha
lucas
26.7%
gina
sam
26.7%
hannah
blake
26.7%
sky
aaron
26.7%
danielle
zach
23.3%
lindsey
patrick
23.3%
girl
boy
% Correct
ana
vincent
23.3%
joelle
carlos
23.3%
chelsea
louis
23.3%
julia
logan
20%
olivia
austin
20%
veronica
leo
20%
ariana
ian
20%
becca
ron
20%
chloe
evan
16.7%
amy
mitchell
16.7%
bethany
caleb
16.7%
kimberly
conner
13.3%
elizabeth
chase
13.3%
kelly
dean
13.3%
mikala
travis
13.3%
angelina
trevor
10%
lily
xander
10%
amanda
drake
6.7%
courtney
peeta
3.3%
molly
micheal
3.3%
melissa
kendell
3.3%
taylor
walter
3.3%
maegen
gale
3.3%
jenna
stanley
3.3%
katherine
skip
3.3%
Quiz Playlist
Details
Report
Send in Message
Add To Playlist
More Info:
a name says a lot about a person..... or does it?
Classic:
Type in answers that appear in a list
Random Order:
Randomize order of answers
Last Updated: Feb 16, 2017
Quiz Scoreboard
CHALLENGE
Sign Up to Join the Scoreboard
Show All
Scores
Hide
Comments
May contain spoilers
Recently Published
Holiday 10x10 Sorting Gallery
by lukepisani3
Holiday
15m
Two Season TV Shows II
by 123Four
Television
10m
Image Sorting: Flags VI
by Barbecue
Geography
2m
More to Explore
Quiz From the Vault
Featured Blog Post
14 Easter Pick-up Lines to Find Eggs With
hide this ad
You Might Also Like...
Tags
2012
Boy
girl
Sexiest
Today's Top Quizzes in Just For Fun
Browse Just For Fun
hide this ad
Today's Top Quizzes in Boy
Browse Boy
Top Contributed Quizzes in Just For Fun
1
Name Just One - 10 to 1: Just For Fun
2
Missing Word: 2-Letter A-Z II
3
Eurovision 2024 Countries Logic Puzzle
4
Missing Letter Whitney Houston Songs
5
Avatar the Last Airbender: Logic Puzzle
6
Missing Word: 'Of' Things A-Z
7
Survivor Winners Logic Puzzle
8
It's Magic / Witchcraft 🎩🪄🧙♀️
9
Killer Double Trees 224 - Colour Match-Up
10
Missing Word: 'Of' Things A-Z II
Explore More
Trending Topics
Marvel
NBA
Kpop
Harry Potter
Anime
Crossword
Disney
Song
Country
WWE
NFL
Pokémon
Puzzle
Soccer
The Office
hide this ad
More By:
mollymoo14
Quiz
Plays
Rating
Category
Featured
Created
Sexiest Halloween Costumes
117
1.18
Holiday
Oct 27, 2012
sexiest names of 2012
30
1.00
Just For Fun
Aug 15, 2012
Go to Creator's Profile
Score Distribution
Quiz Creator Spotlight
mollymoo14
Follow
Send a Message
Quizzes Created
-
Created Quiz Play Count
-
More By This Creator
Popular Quizzes Today
1
Find the US States - No Outlines Minefield
2
Colored Red Africa Blitz
3
Find the 'City' Movie
4
The Countries of the World
5
5x2 Blitz: Bands
6
Find the Countries of Europe - No Outlines Minefield
7
Find the US States
8
US States
More Just For Fun Quizzes
Image Word Ladder: Flower Transformation 2
Curator's Pick
Trending Quizzes
Colored Red Europe Blitz I
Colored Red Europe Blitz II
Colored Red Africa Blitz II
Even More Two Season TV Shows
Colored Red Africa Blitz III
Recently Updated
Odd Team Out - Big 4 Players
pecheneg
Quick Pick: 20 Twenties
pecheneg
March Madness Men's Triple Doubles
pecheneg
How Do You Spell That?
pecheneg
Godzilla Movies
pecheneg
Grab Bag: 4-10 Letters
pecheneg
2024 March Madness Bracket
pecheneg
Famous TV Couples
Peacemaker
Champions League XIs: Real Madrid
pecheneg
Largest US Cities 1790-2010
pecheneg
Trending Topics
NBA
Anime
Harry Potter
Crossword
Disney
Marvel
Kpop
Soccer
Country
WWE
Pokémon
The Office
Puzzle
Song
NFL
Your Account Isn't Verified!
In order to create a playlist on Sporcle, you need to verify the email address you used during registration. Go to your
Sporcle Settings
to finish the process.
Report this User
Report this user for behavior that violates our
Community Guidelines
.
Details:
Send Report
Go to the Sporcle.com Mobile Site →
Comments